Main Characters in Every Disney Animated Picture - Statistics

General Stats
  • This quiz has been taken 561 times
  • The average score is 30 of 54
Answer Stats
Year Film Main Character % Correct
2019 Frozen 2 Anna & Elsa
99%
2013 Frozen Anna & Elsa
99%
2018 _____ Breaks the Internet Ralph
97%
2012 Wreck-It _____ Ralph
97%
2010 Tangled Rapunzel
90%
1937 ____ _____ and the Seven Dwarfs Snow White
90%
1989 The Little Mermaid Ariel
88%
2002 Lilo & ______ Stitch
88%
1951 _____ in Wonderland Alice
86%
1994 The Lion King Simba
86%
1991 Beauty and the Beast Belle
85%
1955 ____ and the Tramp Lady
83%
2009 The Princess and The Frog Tiana
83%
1959 Sleeping Beauty Aurora
80%
1967 The Jungle Book Mowgli
76%
1999 Fantasia 2000 Mickey Mouse
73%
1940 Fantasia Mickey Mouse
73%
2016 Zootopia Judy Hopps
72%
1950 __________ Cinderella
68%
2016 _____ Moana
63%
1996 The Hunchback of Notre Dame Quasimodo
63%
1988 ______ & Company Oliver
62%
1963 The Sword in the Stone Wart
61%
1998 _____ Mulan
60%
1995 __________ Pocahontas
58%
1961 One Hundred and One Dalmatians Pongo
55%
2011 ______ the ____ Winnie the Pooh
55%
1977 The Many Adventures of ______ the ____ Winnie the Pooh
55%
1992 _______ Aladdin
54%
2000 The Emperor's New Groove Kuzco
51%
1940 _________ Pinocchio
51%
1970 The Aristocats Thomas & Duchess
45%
2014 Big Hero 6 Hiro Hamada
44%
1941 _____ Dumbo
43%
1942 _____ Bambi
41%
1953 _____ ___ Peter Pan
41%
1981 The Fox and the Hound Tod & Copper
39%
1997 ________ Hercules
38%
1990 The Rescuers Down Under Bernard & Bianca
36%
1977 The Rescuers Bernard & Bianca
36%
1944 The Three Caballeros Donald Duck
36%
1942 Saludos Amigos Donald Duck
36%
1999 ______ Tarzan
36%
2001 Atlantis: The Lost Empire Milo Thatch
34%
1973 _____ ____ Robin Hood
34%
2008 ____ Bolt
32%
2007 Meet the Robinsons Lewis Robinson
28%
1986 The Great Mouse Detective Basil
27%
2005 _______ ______ Chicken Little
26%
2002 Treasure Planet Jim Hawkins
24%
2003 Brother Bear Kenai
22%
2000 Dinosaur Aladar
14%
2004 Home on the Range Maggie
12%
1985 The Black Cauldron Taran
12%
No matching quizzes found
Score Distribution
Percent of People with Each Score
Percentile by Number Answered
Your Score History
You have not taken this quiz